| 000 | 00939nas a2200301 4500 | ||
|---|---|---|---|
| 001 | BR2010005608 | ||
| 003 | BR-BrBNA | ||
| 005 | 20231205114822.0 | ||
| 007 | ta | ||
| 008 | 230509b bl.|||p| |||| 00| 00por d | ||
| 040 |
_aBR-BrBNA _bpor _cBiblioteca Nacional de Agricultura |
||
| 041 | _a(Pt) | ||
| 072 | _aQ03; Q04; E70 | ||
| 100 | 1 | _aPinto, F.P. | |
| 100 | 1 | _aTeixeira, A.M. | |
| 100 | 1 | _aFonseca, L.X. | |
| 100 | 1 | _aFernandes, M. da S. | |
| 100 | 1 | _aRodrigues, R. da S. | |
| 245 | 1 | _aQualidade de águas minerais comercializadas no município de Pelotas, RS | |
| 650 | _aÁGUA MINERAL | ||
| 650 | _aPROPRIEDADE FÍSICO-QUÍMICA | ||
| 650 | _aANÁLISE MICROBIOLÓGICA | ||
| 650 | _aROTULAGEM | ||
| 650 | _aCERTIFICAÇÃO DE PRODUTO | ||
| 773 | 0 |
_tHigiene Alimentar (Brazil) _xISSN 0101-9171 _g(Jul-Aug 2010), v. 24(186/187) p. 75-78 _wBR2010005608 |
|
| 909 |
_a202311 _bLúcia _c55 _dLúcia Elande |
||
| 942 |
_2AGRIS _n0 _cANA |
||
| 999 |
_c210654 _d210654 |
||